WWE Champions by Year - 2003 - Statistics

General Stats
  • This quiz has been taken 281 times
  • The average score is 37 of 47
Answer Stats
Title Date Event Wrestler % Correct
World Heavyweight December 14 Armageddon Triple H
100%
WWE Championship July 27 Vengeance Kurt Angle
97%
WWE Championship March 30 WrestleMania XIX Brock Lesnar
96%
WWE Championship September 18 Smackdown Brock Lesnar
96%
United States July 27 Vengeance Eddie Guerrero
94%
WWE Tag Team May 18 Judgment Day Eddie Guerrero
94%
WWE Tag Team September 18 Smackdown Eddie Guerrero
94%
WWE Tag Team September 18 Smackdown Chavo Guerrero
93%
World Tag Team March 31 Raw Kane
92%
Cruiserweight June 5 Smackdown Rey Mysterio
92%
World Heavyweight September 21 Unforgiven Goldberg
91%
Intercontinental December 14 Armageddon Randy Orton
91%
Women's March 30 WrestleMania XIX Trish Stratus
91%
World Tag Team December 14 Armageddon Batista
89%
World Tag Team January 19 Royal Rumble Bubba Ray Dudley
89%
World Tag Team September 21 Unforgiven Bubba Ray Dudley
89%
Intercontinental May 18 Judgment Day Christian
89%
Intercontinental August 10 House show Christian
89%
World Tag Team January 19 Royal Rumble D-Von Dudley
89%
World Tag Team September 21 Unforgiven D-Von Dudley
89%
Intercontinental September 29 Raw Rob Van Dam
89%
Intercontinental October 27 Raw Rob Van Dam
89%
World Tag Team March 31 Raw Rob Van Dam
89%
Cruiserweight February 23 No Way Out Matt Hardy
87%
Intercontinental October 27 Raw Chris Jericho
85%
World Tag Team December 14 Armageddon Ric Flair
85%
United States October 19 No Mercy The Big Show
85%
Intercontinental July 7 Raw Booker T
83%
WWE Tag Team May 18 Judgment Day Tajiri
77%
Cruiserweight September 25 Smackdown Tajiri
77%
WWE Tag Team February 6 Smackdown Shelton Benjamin
74%
WWE Tag Team July 3 Smackdown Shelton Benjamin
74%
WWE Tag Team February 6 Smackdown Charlie Haas
72%
WWE Tag Team July 3 Smackdown Charlie Haas
72%
World Tag Team January 6 Raw William Regal
70%
World Tag Team January 20 Raw William Regal
70%
Women's July 28 Raw Molly Holly
68%
Women's April 27 Backlash Jazz
65%
World Tag Team January 6 Raw Lance Storm
60%
World Tag Team January 20 Raw Lance Storm
60%
World Tag Team March 24 Raw Lance Storm
60%
World Tag Team June 15 Bad Blood Rene Dupree
57%
World Tag Team June 15 Bad Blood Sylvain Grenier
53%
WWE Tag Team October 23 Smackdown Danny Basham
51%
WWE Tag Team October 23 Smackdown Doug Basham
51%
Women's June 30 Raw Gail Kim
46%
World Tag Team March 24 Raw Chief Morley
36%
No matching quizzes found
Score Distribution
Percent of People with Each Score
Percentile by Number Answered
Your Score History
You have not taken this quiz